Polish Verbs Click - Statistics

General Stats
  • This quiz has been taken 16 times
    6 since last reset
  • The average score is 15 of 64
Answer Stats
Hint Answer % Correct
drink pic
67%
Listen sluchac
67%
Sell sprzedac
67%
see widziec
67%
be byc
33%
walk chodzic
33%
wait czekac
33%
give dawac
33%
phone dzwonic
33%
play grac
33%
go isc
33%
eat jesc
33%
drive jezdzic
33%
love kochac
33%
like lubic
33%
have miec
33%
live (place) mieszkac
33%
be able moc
33%
speak mowic
33%
think myslec
33%
open otwierac
33%
Remember pamietac
33%
look patrzec
33%
write pisac
33%
pay placic
33%
help pomagac
33%
correct poprawiac
33%
work pracowac
33%
Ask pytac
33%
do robic
33%
understand rozamiec
33%
judge sadzic
33%
sit siedziec
33%
sleep spac
33%
dance tanczyc
33%
Learn uczyc sie
33%
use uzywac
33%
know wiedziec
33%
believe wierzyc
33%
close zamykac
33%
live (alive) zyc
33%
take brac
0%
want chciec
0%
read czytac
0%
Buy kapowac
0%
finish konczyc
0%
lie down lezec
0%
watch oyladac
0%
Mean oznaczac
0%
need potrzebowac
0%
drive powadzic
0%
say powiedziec
0%
try probowac
0%
come przjsc
0%
talk rozmawiac
0%
hear slyszec
0%
meet spottkac
0%
stand stac
0%
explain tlumaczyc
0%
enter wchodzic
0%
choose wybeirac
0%
leave wychodzic
0%
start zaczynac
0%
stay zostac
0%
No matching quizzes found
Score Distribution
Percent of People with Each Score
Percentile by Number Answered
Your Score History
You have not taken this quiz since the last reset